Capitales Estatales de México en un Mapa - Estadísticas

Estadísticas generales
  • Esta prueba ha sido intentada 185 veces
  • La puntuación promedio es 23 de 32
Respuestas en el mapa
Las respuestas están codificadas por una escala verde-roja en el mapa de la prueba según el % correcto abajo.
 
Estadísticas de respuestas
State Respuesta % Correcto
Ciudad de México Ciudad de México
95%
Aguascalientes Aguascalientes
86%
Jalisco Guadalajara
86%
Nuevo León Monterrey
86%
Durango Victoria de Durango
86%
Chihuahua Chihuahua
83%
Guanajuato Guanajuato
79%
Zacatecas Zacatecas
79%
Yucatán Mérida
78%
Puebla Puebla de Zaragoza
78%
Querétaro Santiago de Querétaro
78%
Baja California Sur La Paz
76%
Oaxaca Oaxaca de Juaréz
76%
Colima Colima
75%
Baja California Mexicali
75%
San Luis Potosí San Luis Potosí
73%
Chiapas Tuxtla Gutiérrez
73%
Sonora Hermosillo
68%
Campeche San Francisco de Campeche
68%
Tlaxcala Tlaxcala de Xicohténcatl
68%
México Toluca de Lerdo
68%
Michoacán Morelia
67%
Hidalgo Pachuca de Soto
65%
Sinaloa Culiacán Rosales
63%
Coahuila Saltillo
63%
Nayarit Tepic
63%
Veracruz Xalapa-Enríquez
63%
Morelos Cuernavaca
62%
Quintana Roo Chetumal
60%
Guerrero Chilpancingo de los Bravo
60%
Tamaulipas Ciudad Victoria
60%
Tabasco Villahermosa
57%
No se encontraron pruebas coincidentes
Distribución de puntuación
Porcentaje de gente con cada puntuación
Porcentaje por número respondido
Historial de tus puntuaciones
No has intentado esta prueba.